=LDR 00000nam 2200000 4500 =001 INLIS000000000010103 =005 20130612101829 =008 ***********************************Ind** =035 ##$$0010-061300000010103 =041 ##$$a Ind =082 ##$$a 372.802 076 =090 ##$$a 372.802 076, Pen p =245 ##$$a Penunjang peningkatan prestasi belajar, evaluasi ulangan umum lengkap SD kelas 3 =260 ##$$a 2003 $b bandung =300 ##$$a 324 hlm, 22 cm =650 ##$$a Evaluasi Ulangan Umum Lengkap =850 ##$$a NBPNMAT